000
00331nam a2200145Ia 4500
008
230917s9999||||xx |||||||||||||| ||und||
040
_e
127226
_a
MAIN
041
_a
English
082
_a
821.8 Y34M:P
100
_a
Yeats, W B
245
0
_a
Poetry
260
_a
Oxford
_b
University Press
_c
1941
300
_a
207 p.
942
_c
BK
999
_c
164202
_d
164202